00420nam a22001337a 4500003000500000005001700005008004100022038001000063082001700073100002200090245012600112260003900238300000900277NUST20190516102707.0190516b ||||| |||| 00| 0 eng d aAZHAR a301.452bMAR 4Victor E. Marsden aWorld conquest through world Government (Yahudi Protocols)bthe protocols of the learned elders of zioncVictor e Marsden aLahorebNagarshat publishersc2010 a230p